Big Bang Theory - Penny Quotes. Quiz Stats

 Plays Quiz not verified by Sporcle

Score 0/20 Timer 04:00
2 Plays Today
% Correct
crossing my legs.
96.6%
steak.I LOVE steak!
94.7%
friends are easy.
94.4%
new MasterCard.
93.2%
or money.
93.1%
spin the teacups.
92.4%
Chinese food prostitute?
92.4%
milking machine.
92.2%
you're really not.
91.6%
gay couple.
91.2%
% Correct
That is so sweet.
89.1%
can't be good.
86.8%
gullible weeny?
86.5%
we had a barbecue.
84.8%
so far the future's great.
84.7%
Star Trek?
84.1%
That's Vegas.You nailed it.
82.4%
Hookers & ****** department.
81.5%
wool and polyester.
80.5%
bees?
39.4%

You're not logged in!

Compare scores with friends on all Sporcle quizzes.
OR
Log In

Sporcle TV

Today on Sporcle TV


Watch our educational content, quiz creation guides, and fun videos on Sporcle TV.

Show Comments

Extras

Top Quizzes Today


Score Distribution

Your Account Isn't Verified!

In order to create a playlist on Sporcle, you need to verify the email address you used during registration. Go to your Sporcle Settings to finish the process.

Report this User

Report this user for behavior that violates our Community Guidelines.

Details: